European Countries in their Native Language - Statistics

General Stats
  • This quiz has been taken 53 times
  • The average score is 26 of 45
Answer Stats
Hint Answer % Correct
United Kingdom United Kingdom
100%
Germany Deutschland
97%
France France
90%
Italy Italia
90%
Monaco Monaco
90%
Andorra Andorra
87%
Austria Österreich
87%
Spain España
84%
Finland Suomi
84%
Liechtenstein Liechtenstein
77%
Malta Malta
77%
San Marino San Marino
77%
Iceland Ísland
74%
Netherlands Nederland
74%
Ireland Éire
71%
Croatia Hrvatska
71%
Moldova Moldova
71%
Poland Polska
71%
Portugal Portugal
71%
Denmark Danmark
65%
Romania România
65%
Belgium België
61%
Sweden Sverige
58%
Norway Norge
55%
Bulgaria България
52%
Estonia Eesti
52%
Belarus Белару́сь
48%
Russia Россия
45%
Ukraine Україна
42%
Serbia Србија
42%
Switzerland Schweiz
42%
Slovenia Slovenija
42%
Lithuania Lietuva
39%
Albania Shqipëri
39%
Montenegro Црна Гора
35%
Kosovo Kosova
35%
Slovakia Slovensko
35%
Czechia Česká republika
32%
Latvia Latvija
32%
Greece Ελλάδα
26%
Vatican City Città del Vaticano
26%
Luxembourg Lëtzebuerg
26%
Hungary Magyarország
26%
Bosnia and Herzegovina Босна и Херцеговина
23%
North Macedonia Северна Македонија
6%
No matching quizzes found
Score Distribution
Percent of People with Each Score
Percentile by Number Answered
Your Score History
You have not taken this quiz